[Event "Floripa Chess Open 2024"]
[Site "Florianopolis"]
[Date "2024.01.20"]
[Round "1.193"]
[White "Silverio, Vitor Luis De Jesus"]
[Black "Sikorski, Bruno Emilio Trizot"]
[Result "1-0"]
[WhiteElo "1773"]
[BlackElo "1800"]
[PlyCount "48"]
[EventDate "2024.01.20"]
[EventRounds "10"]
[EventCountry "BRA"]

1. e4 c5 2. Nf3 e6 3. d4 cxd4 4. Nxd4 a6 5. c4 Qc7 6. a3 Nc6 7. Be3 Nf6 8. Nc3
g6 ({RR} 8... Bd6 9. Be2 Nxd4 10. Qxd4 Be5 11. Qb6 Qxb6 12. Bxb6 d6 13. f3 Bd7
14. O-O-O Ke7 15. Bd4 Rhc8 16. Bxe5 dxe5 17. b4 Bb5 18. cxb5 Rxc3+ 19. Kb2 Re3
20. Rhe1 a5 21. bxa5 Rxa5 22. Bd3 Rxe1 23. Rxe1 {Nataf,I (2583)-Miladinovic,I 
(2609) Vrnjacka Banja 2005 1/2-1/2}) 9. Be2 e5 $146 ({RR} 9... Bg7 10. O-O O-O
11. Rc1 d6 12. f3 Bd7 13. Nd5 Qd8 14. Nxc6 bxc6 15. Nxf6+ Qxf6 16. b4 Qb2 17.
Qd3 d5 18. Rc2 Qe5 19. Rd1 Rfc8 20. f4 Qb8 21. cxd5 cxd5 22. Rxc8+ Qxc8 23.
exd5 Bb5 24. Qd2 {Colls Gelaberto,E (2147)-Gorgues Mateu,D (1738) Catalunya
2014 1/2-1/2 (54)}) ({RR} 9... Bg7 10. O-O O-O 11. Rc1 b6 12. Qd2 Bb7 13. Rfd1
Na5 14. e5 Ne4 15. Nxe4 Bxe4 16. b4 Nc6 17. f3 Nxd4 18. Qxd4 Bc6 19. Qd6 Bxe5
20. Qxc7 Bxc7 21. Ra1 Rfb8 22. a4 b5 23. axb5 axb5 24. Rxa8 {Mawire,R (1388)
-Lindstad,L (1742) chess.com INT 2021 1-0 (53)}) 10. Nc2 Na5 11. Bg5 Bg7 12.
Ne3 h6 13. Bxf6 Bxf6 14. Ncd5 Qd6 15. c5 Qxc5 16. Nxf6+ Kd8 17. Nfd5 Nc6 18. b4
Qa7 19. O-O b5 20. Rc1 Bb7 21. Nf6 Nd4 22. Rc5 d6 23. Rc3 Ke7 24. Ned5+ Kf8 1-0

[Event "Floripa Chess Open 2024"]
[Site "Florianopolis"]
[Date "2024.01.20"]
[Round "1.194"]
[White "Turci, Vivian Da Silva"]
[Black "Mariot Vaz, Joao Antonio Bertol"]
[Result "0-1"]
[WhiteElo "1800"]
[BlackElo "1772"]
[PlyCount "56"]
[EventDate "2024.01.20"]
[EventRounds "10"]
[EventCountry "BRA"]

1. d4 Nf6 2. c4 c5 3. e3 g6 4. Nf3 Bg7 5. Be2 O-O 6. O-O d6 7. Nc3 Nc6 8. Qc2 (
{RR} 8. h3 Bf5 9. b3 e5 10. dxc5 dxc5 11. Bb2 e4 12. Nh2 Qe7 13. Qc1 Rad8 14.
Rd1 Ne5 15. Nf1 h5 16. Ng3 h4 17. Nxf5 gxf5 18. Qc2 Ng6 19. Rxd8 Rxd8 20. Rd1
Rxd1+ 21. Qxd1 f4 22. Nb5 fxe3 {Adly,A (2484)-Minasian,A (2597) Dubai 2005 1-0
(44)}) ({RR} 8. a3 Bf5 9. Bd3 Bxd3 10. Qxd3 Qc8 11. e4 cxd4 12. Nxd4 Nb4 13.
Qe3 Ng4 14. Qd2 Bxd4 15. Qxd4 Nc2 16. Qd1 Nxa1 17. h3 Ne5 18. Bh6 Re8 19. Qxa1
f6 20. Bf4 Qxc4 {0-1 (20) Dias,M (1684)-Gruettner,R (2071) Florianopolis BRA
2024}) 8... cxd4 $146 ({RR} 8... Nb4 9. Qa4 Bd7 10. Qb3 a5 11. dxc5 dxc5 12. a4
Bf5 13. Rd1 Qb8 14. Rf1 Bc2 15. Qa3 Rd8 16. Bd1 Bd3 17. Re1 Bxc4 18. Nd2 Bd3
19. Na2 Bc2 20. Nxb4 axb4 21. Qa2 Bd3 22. Be2 Qc7 23. Bxd3 {Launiau,S-Yerchoff
Paris 1994 0-1 (35)}) ({RR} 8... Bf5 9. e4 cxd4 10. exf5 dxc3 11. fxg6 hxg6 12.
bxc3 Rc8 13. Rd1 b6 14. h4 Qd7 15. Ng5 Na5 16. h5 gxh5 17. Rd4 e5 18. Rh4 Rfe8
19. Bxh5 Re7 20. Be2 e4 21. Nxe4 Nxe4 22. Rxe4 Rxe4 23. Qxe4 {Baeuml,U (2140)
-Tratar,M (2449) Salzburg 2004 0-1}) 9. Nxd4 Qb6 10. Nxc6 bxc6 11. b3 Qa5 12.
Bb2 Qg5 13. Rfd1 Bf5 14. Bd3 Bg4 15. Be2 h5 16. Bxg4 hxg4 17. Ne4 Nxe4 18. Bxg7
Nxf2 19. Qxf2 Kxg7 20. Rf1 Qe5 21. Rad1 f5 22. Qf4 Qxf4 23. Rxf4 e5 24. Rf2
Rad8 25. g3 Kf6 26. e4 Ke6 27. exf5+ gxf5 28. Rfd2 d5 0-1

[Event "Floripa Chess Open 2024"]
[Site "Florianopolis"]
[Date "2024.01.20"]
[Round "1.195"]
[White "Pereira, Thiago Henrique"]
[Black "Van Riemsdijk, Ian C Emiliano"]
[Result "1-0"]
[WhiteElo "1772"]
[BlackElo "1800"]
[PlyCount "83"]
[EventDate "2024.01.20"]
[EventRounds "10"]
[EventCountry "BRA"]

1. e4 e5 2. Nf3 Nf6 3. d3 Nc6 4. Bg5 Bc5 5. Nc3 d6 6. Nd5 Be6 7. Nxf6+ ({RR} 7.
Bxf6 gxf6 8. a3 Bxd5 9. exd5 Nd4 10. b4 Nxf3+ 11. gxf3 Bd4 12. Rb1 O-O 13. Rg1+
Kh8 14. f4 exf4 15. Qg4 Bc3+ 16. Kd1 Qe8 17. Be2 Qe7 18. Qg7# {1-0 (18) Michel,
M-Doucet,J Europe-Echecs INT 2022}) 7... gxf6 8. Bh4 Qe7 9. Qd2 $146 ({RR} 9.
c3 Bg4 10. h3 Bh5 11. Be2 Bxf3 12. Bxf3 O-O-O 13. b4 Bb6 14. a4 a6 15. Bg4+ Kb8
16. Qf3 Rde8 17. Bxf6 Qf8 18. Bxh8 Qxh8 19. Bd7 Rd8 20. Bxc6 bxc6 21. O-O Qg7
22. Rfb1 Kb7 23. b5 cxb5 {Soares,D-Poeira,C Lisbon 2001 1-0}) 9... Bg4 10. Qh6
Rg8 11. Bxf6 Qf8 12. Qxf8+ Rxf8 13. c3 Ne7 14. O-O-O Bxf2 15. h3 Bxf3 16. gxf3
Rg8 17. d4 Be3+ 18. Kb1 Bg5 19. dxe5 Bxf6 20. exf6 Ng6 21. Bb5+ c6 22. Ba4
O-O-O 23. Bb3 d5 24. exd5 cxd5 25. Bxd5 Rd7 26. Be4 Kc7 27. Bf5 Rd6 28. Rxd6
Kxd6 29. Re1 Nf4 30. Re7 Rg1+ 31. Kc2 Rg2+ 32. Kb3 Nh5 33. Rxf7 Ke5 34. Bxh7
Nxf6 35. Rxb7 a6 36. Re7+ Kf4 37. Be4 Rg5 38. Rf7 Rb5+ 39. Kc2 Ke5 40. Bd3 Rb6
41. Ra7 Nd5 42. Rxa6 1-0

[Event "Floripa Chess Open 2024"]
[Site "Florianopolis"]
[Date "2024.01.20"]
[Round "1.197"]
[White "Calcada, Lucas Galvan"]
[Black "Wathier, Natalia"]
[Result "1-0"]
[WhiteElo "1770"]
[BlackElo "1800"]
[PlyCount "53"]
[EventDate "2024.01.20"]
[EventRounds "10"]
[EventCountry "BRA"]

1. Nf3 c5 2. c4 d6 3. g3 Nf6 4. Bg2 g6 5. b3 Bg7 6. Bb2 O-O 7. O-O Nc6 8. d3
Bd7 9. Nc3 Qc8 ({RR} 9... a6 10. e3 Rc8 11. h3 Na5 12. Qd2 b5 13. Nd5 Nxd5 14.
cxd5 Bxb2 15. Qxb2 e5 16. dxe6 fxe6 17. b4 cxb4 18. Qxb4 Bc6 19. e4 Nb7 20. h4
Nc5 21. Qd2 Qf6 22. Rac1 b4 23. d4 Nxe4 24. Qxb4 {Salgado Lopez,I (2622)-Sonis,
F (2440) Bergamo 2017 1/2-1/2 (32)}) 10. Qd2 ({RR} 10. a3 Bh3 11. b4 Bxg2 12.
Kxg2 cxb4 13. axb4 Nxb4 14. Qb3 Na6 15. Rfb1 Nc5 16. Qc2 Ncd7 {1/2-1/2 (16)
Megalios,K (2397)-Tsarsitalidis,K (2083) Thessaloniki GRE 2023}) 10... Bh3 11.
Rfd1 $146 ({RR} 11. d4 Bxg2 12. Kxg2 cxd4 13. Nxd4 Qg4 14. Nxc6 bxc6 15. f3 Qe6
16. e4 h5 17. h4 Kh7 18. Rae1 Bh6 19. f4 Nd7 20. Qe2 f6 21. Bc1 Rg8 22. Kh2 Qf7
23. e5 Qf8 24. exd6 exd6 25. Qe7+ Rg7 {Ledford,S (1924)-Thornally,F (2205) San
Francisco 2012 1/2-1/2}) 11... Bxg2 12. Kxg2 Rd8 13. Rac1 Rb8 14. e3 a6 15. d4
cxd4 16. exd4 b5 17. d5 Na7 18. cxb5 Nxb5 19. Nxb5 Rxb5 20. Rxc8 Rxc8 21. Bxf6
Bxf6 22. Rc1 Rbc5 23. Rxc5 Rxc5 24. Qe2 Rxd5 25. Qxa6 Rc5 26. b4 Rc2 27. b5 1-0

[Event "Floripa Chess Open 2024"]
[Site "Florianopolis"]
[Date "2024.01.20"]
[Round "1.198"]
[White "Antunes, Luan Netto Nikifork"]
[Black "Vitielo, Alecio Elias"]
[Result "1/2-1/2"]
[WhiteElo "1797"]
[BlackElo "1768"]
[PlyCount "53"]
[EventDate "2024.01.20"]
[EventRounds "10"]
[EventCountry "BRA"]

1. e4 d5 2. exd5 Nf6 3. d4 Bg4 4. Be2 Bxe2 5. Nxe2 Qxd5 6. O-O e6 7. Nbc3 Qd7 (
{RR} 7... Qc6 8. Nf4 Bd6 9. d5 Qc4 10. Qf3 e5 11. b3 Qc5 12. Nfe2 Nbd7 13. Ng3
Nb6 14. Rd1 Qb4 15. h3 O-O-O 16. a3 Qh4 17. Nf5 Qh5 18. Qxh5 Nxh5 19. Ne4 g6
20. Nfxd6+ cxd6 21. Bg5 Rd7 22. g4 {Mortensen,E (2500)-Meyer,L (2305) Denmark
1996 1/2-1/2 (60)}) 8. Bf4 ({RR} 8. Nf4 Bd6 9. d5 Bxf4 10. Bxf4 Nxd5 11. Nxd5
Qxd5 12. Bxc7 O-O 13. Qxd5 exd5 14. c3 Na6 15. Be5 Rfe8 16. Rfe1 f6 17. Bd4 Kf7
18. Kf1 b6 19. Red1 Rad8 20. Rd2 Nc5 21. f3 Ne6 22. Rad1 Rd7 {Deepan,C (2474)
-Atharva Aloni (1403) Nashik IND 2022 1-0 (49)}) 8... Na6 $146 ({RR} 8... Bd6
9. Be5 Ng4 10. Bg3 Bxg3 11. Nxg3 Nf6 12. Nce4 Nxe4 13. Nxe4 Qd5 14. Re1 Nc6 15.
c3 h6 16. Qg4 O-O-O 17. Ng3 g5 18. Qe4 h5 19. Re3 h4 20. Ne2 Qxe4 21. Rxe4 Kd7
22. Nc1 f5 23. Re2 {Bomans,A-Van den Bosch,T Hengelo 2004 0-1 (50)}) ({RR} 8...
a6 9. Re1 c6 10. Na4 Nd5 11. c4 Nxf4 12. Nxf4 Qc7 13. Qd2 Kd7 14. d5 exd5 15.
cxd5 c5 16. Qe3 Bd6 17. Rac1 Bxf4 18. Qe7+ Kc8 19. Rxc5 Nc6 20. Qxc7+ Kxc7 21.
dxc6 Bd6 22. cxb7+ Kxb7 23. Rd5 {Solmaz,E (1078)-Tekin,M (1225) Konya 2017 1-0
(45)}) 9. Re1 Be7 10. Ng3 O-O 11. Nce4 Nd5 12. Bc1 Rad8 13. c3 c5 14. dxc5 Nxc5
15. Nxc5 Bxc5 16. Ne4 Be7 17. Qf3 Nf6 18. Nxf6+ Bxf6 19. Be3 b6 20. Rad1 Qa4
21. Ra1 Qb5 22. Qe2 Qa4 23. Red1 Rxd1+ 24. Qxd1 Qb5 25. Qb3 Qc6 26. Rd1 Rd8 27.
Rxd8+ 1/2-1/2

[Event "Floripa Chess Open 2024"]
[Site "Florianopolis"]
[Date "2024.01.20"]
[Round "1.199"]
[White "Donatti, Sofia"]
[Black "Gorgen, Antonio Rebello Hor"]
[Result "1/2-1/2"]
[WhiteElo "1767"]
[BlackElo "1793"]
[PlyCount "103"]
[EventDate "2024.01.20"]
[EventRounds "10"]
[EventCountry "BRA"]

1. e4 e6 2. d4 d5 3. exd5 exd5 4. Nc3 Nf6 5. Bd3 Bd6 6. Nf3 O-O 7. O-O Bg4 8.
h3 Bh5 9. Bg5 Nbd7 10. Nxd5 h6 11. Nxf6+ Nxf6 12. Be3 Qd7 $146 ({RR} 12... c6
13. Be2 Re8 14. Re1 Nd5 15. Bd2 Qb6 16. c4 Qxb2 17. cxd5 cxd5 18. Qb1 Qxb1 19.
Raxb1 b6 20. Bd1 Rxe1+ 21. Nxe1 Bxd1 22. Rxd1 Rc8 23. Rc1 Re8 24. Kf1 f6 25.
Nd3 Re4 26. Be3 f5 27. Rc6 {Gadieva,E-Meliksetyan,D Sterlitamak 2010 1-0 (54)})
13. c4 Rad8 14. Be2 Rfe8 15. Nd2 Bxe2 16. Qxe2 Bf4 17. Qf3 Bxe3 18. fxe3 Qe6
19. Rae1 Qb6 20. Rb1 Qa5 21. Rf2 Qxa2 22. Rbf1 Qxb2 23. Qg3 Kh8 24. Qh4 Rxe3
25. Rxf6 Qxd4 26. Qxd4 Rxd4 27. R6f2 Red3 28. Nf3 Re4 29. Rb2 b6 30. Ra1 Rc3
31. Rxa7 Rcxc4 32. Nd2 Rc1+ 33. Kf2 Rf4+ 34. Ke3 g5 35. Nf3 Rc5 36. h4 Rfc4 37.
hxg5 hxg5 38. Kd3 Rf4 39. Ke3 b5 40. Nxg5 Rf6 41. Nf3 Rb6 42. Kd4 Rc1 43. Ng5
Kg7 44. Ne4 f5 45. Nd2 Kf6 46. Nf3 f4 47. Nd2 Kf5 48. Kd3 c5 49. Rf7+ Kg4 50.
Rg7+ Kh4 51. Ne4 Kh5 52. Rc7 1/2-1/2

[Event "Floripa Chess Open 2024"]
[Site "Florianopolis"]
[Date "2024.01.20"]
[Round "1.200"]
[White "Candido, Eduardo Da Silva"]
[Black "Machado, Gilmar Dias"]
[Result "0-1"]
[WhiteElo "1792"]
[BlackElo "1764"]
[PlyCount "93"]
[EventDate "2024.01.20"]
[EventRounds "10"]
[EventCountry "BRA"]

1. e4 e5 2. Bc4 Nc6 3. Nc3 Bc5 4. d3 d6 5. Na4 Bb6 6. Nxb6 axb6 7. c3 ({RR} 7.
a3 h6 8. f4 Nf6 9. Nf3 Bg4 10. h3 Bd7 11. O-O Qe7 12. Bd2 O-O-O 13. Qe1 Rdg8
14. fxe5 Nxe5 15. Nxe5 dxe5 16. Bb4 c5 17. Bc3 Be6 18. Bxe6+ Qxe6 19. Qf2 Rf8
20. a4 Nd7 21. a5 b5 {Tamer waguih,F (1866)-Faisal,A (1751) Dubai UAE 2023 1-0
(38)}) 7... h6 ({RR} 7... Be6 8. Bb5 Nge7 9. Ne2 O-O 10. O-O f5 11. f3 d5 12.
Bg5 Qd6 13. Bxc6 bxc6 14. Qc2 Ng6 15. Be3 c5 16. c4 d4 17. Bd2 f4 18. a3 Bd7
19. Be1 Ne7 20. b4 cxb4 21. Bxb4 c5 22. Be1 {Pridorozhni,A (2596)-Nakamura,H  
(2736) chess.com INT 2020 0-1 (47)}) 8. Nf3 $146 ({RR} 8. Ne2 Na5 9. Bb5+ c6
10. Ba4 b5 11. Bc2 c5 12. O-O Nf6 13. h3 O-O 14. Be3 Qc7 15. f4 Bd7 16. fxe5
dxe5 17. Bxh6 Qd6 18. Be3 b6 19. Qe1 Nh5 20. Qh4 Qg6 21. g4 Nf6 22. Rf2 Nh7 {
Barros,R (2180)-Ricciulli Vargas,R (1714) Complejo de Raquetas 2013 1-0 (41)})
8... Nf6 9. O-O Bg4 10. h3 Bh5 11. Re1 g5 12. g4 Bg6 13. Kg2 Qc8 14. Nh2 Kf8
15. Qf3 Kg7 16. Nf1 Ne8 17. Ne3 Qd8 18. Nf5+ Kf8 19. Rh1 Qf6 20. Be3 Nd8 21. d4
Ne6 22. Bxe6 Qxe6 23. dxe5 dxe5 24. Rhd1 Rxa2 25. Rxa2 Qxa2 26. Rd7 Qe6 27. Re7
Qf6 28. Rd7 Bxf5 29. Qxf5 Qxf5 30. exf5 Kg7 31. Bxb6 cxb6 32. Rxb7 h5 33. gxh5
Rxh5 34. Re7 Nd6 35. Rxe5 Rh4 36. Rd5 Nc4 37. Rb5 Rf4 38. b3 Nd2 39. Rxb6 Rxf5
40. c4 Ne4 41. b4 Rxf2+ 42. Kg1 Rc2 43. c5 Rc4 44. c6 Nc3 45. b5 Rc5 46. Rb8
Nxb5 47. Rc8 0-1

[Event "Floripa Chess Open 2024"]
[Site "Florianopolis"]
[Date "2024.01.20"]
[Round "1.201"]
[White "Pereira, Arthur Macedo"]
[Black "Rafaelknunes, Rafael Klanfer Nune"]
[Result "1-0"]
[WhiteElo "1764"]
[BlackElo "1789"]
[PlyCount "41"]
[EventDate "2024.01.20"]
[EventRounds "10"]
[EventCountry "BRA"]

1. c4 Nf6 2. Nc3 g6 3. e4 d6 4. d4 Bg7 5. f3 O-O 6. Be3 Nbd7 7. Bd3 c5 8. Nge2
cxd4 9. Nxd4 Ne5 10. Be2 Qb6 $146 ({RR} 10... Bd7 11. O-O Qa5 12. Qd2 Rfc8 13.
b3 a6 14. Rfc1 Rab8 15. Rab1 Qd8 16. Kh1 h5 17. Rd1 Qf8 18. a4 Kh7 19. h3 Nc6
20. Nc2 Qh8 21. Nd5 Nxd5 22. exd5 Bc3 23. Qc1 Nb4 24. Nd4 Nxd5 25. Bg1 {
Antoniewski,R (2585)-Pruijssers,R (2475) Rogaska Slatina 2011 0-1 (61)}) ({RR} 
10... Bd7 11. O-O a6 12. Rc1 Rc8 13. Qb3 Qa5 14. Nf5 gxf5 15. Bb6 Nxf3+ 16.
Bxf3 Qe5 17. exf5 Rce8 18. g4 Bh6 19. Rce1 Qf4 20. Be3 Qxe3+ 21. Rxe3 Bxe3+ 22.
Kh1 Bg5 23. Qb6 h5 24. gxh5 Kh8 25. Ne4 {Spassky,B (2610)-Pfleger,H (2480)
Germany 1986 1-0}) ({RR} 10... Bd7 11. O-O Rc8 12. b3 a6 13. a4 Qa5 14. Qd2 Nc6
15. Rfd1 Nxd4 16. Bxd4 Qb4 17. Qb2 e5 18. Be3 Be6 19. Na2 Qa5 20. Rxd6 Qc7 21.
Rad1 Nh5 22. g3 Bh3 23. Nc3 f5 24. c5 Nf6 25. Nd5 {Karimova,G (1835)-Sawan,E  
(1662) Montesilvano ITA 2023 1/2-1/2 (44)}) ({RR} 10... Bd7 11. O-O Qa5 12. Qd2
Rfc8 13. b3 a6 14. Rac1 Rab8 15. Rfd1 Nc6 16. a4 Nxd4 17. Bxd4 Be6 18. Kh1 Nd7
19. Nd5 Qxd2 20. Nxe7+ Kf8 21. Bxg7+ Kxe7 22. Rxd2 b5 23. axb5 axb5 24. Rcd1
bxc4 25. bxc4 {Balanel,I-Ciocaltea,V Bucharest 1954 1/2-1/2 (66)}) 11. Qd2 Qa5
12. O-O Be6 13. b3 Rac8 14. Rac1 a6 15. h3 Nc6 16. Rfd1 Nd7 17. f4 Nxd4 18.
Bxd4 Bh6 19. Rf1 Nc5 20. b4 Qxb4 21. Nd5 1-0

[Event "Floripa Chess Open 2024"]
[Site "Florianopolis"]
[Date "2024.01.20"]
[Round "1.202"]
[White "Gorgen, Raphael Rebello Hor"]
[Black "Ferreira, Rodrigo Maycon Mira"]
[Result "0-1"]
[WhiteElo "1779"]
[BlackElo "1754"]
[PlyCount "70"]
[EventDate "2024.01.20"]
[EventRounds "10"]
[EventCountry "BRA"]

1. e4 d5 2. exd5 Qxd5 3. Nc3 Qa5 4. d4 c6 5. Nf3 Nf6 6. Bc4 Bf5 7. Ne5 e6 8. g4
Bg6 9. h4 Nbd7 10. Nxd7 Nxd7 11. h5 Be4 12. O-O Bd5 13. Nxd5 cxd5 14. Bd3 Be7 (
{RR} 14... Bd6 15. Qf3 O-O-O 16. Be3 g6 17. h6 Rhf8 18. a3 f5 19. c4 e5 20. b4
Qc7 21. c5 Be7 22. Bb5 e4 23. Qh3 f4 24. Bd2 Bg5 25. c6 Nf6 26. cxb7+ Qxb7 27.
Rac1+ Kb8 28. Bc6 Qe7 29. Rc5 {Firouzja,A (2759)-Carlsen,M (2847) chess24.com
INT 2021 1-0 (35)}) ({RR} 14... O-O-O 15. a4 g6 16. Bd2 Qc7 17. h6 Kb8 18. Qf3
f5 19. Rfe1 Re8 20. a5 Bd6 21. a6 e5 22. Qxd5 e4 23. Bb5 Nf6 24. Qxb7+ Qxb7 25.
axb7 Ref8 26. g5 Ng4 27. Bc6 Rf7 28. Ra6 Rd8 29. Rea1 {Novik,M (2399)-Rozman,L
(2322) chess.com INT 2024 1-0}) 15. c3 $146 ({RR} 15. Qf3 g6 16. Bh6 gxh5 17.
g5 Qb6 18. c3 Bxg5 19. Bxg5 Rg8 20. Qxh5 h6 21. Qxh6 e5 22. Kh2 Qxh6+ 23. Bxh6
Rh8 24. Kg3 Rxh6 25. Rh1 Rxh1 26. Rxh1 Ke7 27. dxe5 Nxe5 28. Be2 Rd8 29. Kf4
Kf6 {Vykouk,J (2476)-Gazik,V (2544) Ceske Budejovice CZE 2022 1-0 (56)}) ({RR} 
15. Qf3 h6 16. b3 Nf6 17. Bf4 O-O 18. g5 hxg5 19. Bxg5 Qb4 20. c3 Qd6 21. h6
Ne4 22. Bf4 Ng5 23. Qg3 Qxf4 24. hxg7 Qxg3+ 25. fxg3 Kxg7 26. Kg2 Rh8 27. Rh1
Ba3 28. Rxh8 Rxh8 29. Rb1 Bd6 {Bielecki,P (2010)-Casanovas Cantarero,E (1700)
Catalunya 2014 0-1 (40)}) 15... O-O 16. Bc2 b5 17. Qd3 g6 18. Bh6 Rfe8 19. hxg6
hxg6 20. Kg2 Bf6 21. Rh1 b4 22. Qh3 Qc7 23. Bg5 Bg7 24. Qh7+ Kf8 25. Bh6 Bxh6
26. Rxh6 Nf6 27. Qh8+ Ke7 28. Qg7 Rg8 29. g5 Nh5 30. Rh8 Qf4 31. Rh7 Qxg5+ 32.
Kf3 bxc3 33. bxc3 Qd2 34. Bxg6 Qxc3+ 35. Kg2 Nf4+ 0-1

[Event "Floripa Chess Open 2024"]
[Site "Florianopolis"]
[Date "2024.01.20"]
[Round "1.203"]
[White "Silva Rosas, Natalia"]
[Black "Simoncini, Luana Felipe"]
[Result "1-0"]
[WhiteElo "1754"]
[BlackElo "1772"]
[PlyCount "45"]
[EventDate "2024.01.20"]
[EventRounds "10"]
[EventCountry "BRA"]

1. e4 c6 2. d3 d5 3. Nd2 dxe4 4. dxe4 Nd7 5. Ngf3 e6 6. g3 Ngf6 7. Bg2 Bc5 8.
O-O O-O 9. Qe2 Qb6 10. Nc4 $146 ({RR} 10. e5 Nd5 11. Ne4 h6 12. h4 Be7 13. g4
Qd8 14. g5 h5 15. Ng3 g6 16. Nd4 Qc7 17. Re1 Bc5 18. c3 b6 19. Nxh5 gxh5 20.
Qxh5 Nxe5 21. Be4 Ng6 22. Qh6 Ndf4 23. h5 Nh3+ 24. Kf1 Ba6+ {Torres Herrero,J 
(1924)-Vega Masmitja,R (1475) Llobregat 2007 1-0}) 10... Qb5 11. a4 Qa6 12. Bf4
Nb6 13. Nfd2 Rd8 14. e5 Nfd5 15. Bg5 Rd7 16. Qg4 Nxc4 17. Nxc4 Nb6 18. Bf6 g6
19. Nd6 h5 20. Qg5 Kh7 21. Be4 Bxd6 22. Qxh5+ Kg8 23. Qh8# 1-0

[Event "Floripa Chess Open 2024"]
[Site "Florianopolis"]
[Date "2024.01.20"]
[Round "1.204"]
[White "Rolim, Claudia Vitoria Fer"]
[Black "Franca Junior, Jairo"]
[Result "0-1"]
[WhiteElo "1745"]
[BlackElo "1753"]
[PlyCount "70"]
[EventDate "2024.01.20"]
[EventRounds "10"]
[EventCountry "BRA"]

1. e4 e5 2. Nf3 Nf6 3. Nc3 Nc6 4. Bc4 Be7 5. d4 exd4 6. Nxd4 d6 7. Nxc6 bxc6 8.
O-O O-O 9. Re1 Be6 ({RR} 9... Ng4 10. Bf4 Bf6 11. h3 Ne5 12. Bb3 a5 13. a4 Rb8
14. Qd2 Be6 15. Bxe6 fxe6 16. b3 Nf3+ 17. gxf3 Bxc3 18. Qxc3 Rxf4 19. Re3 Qf6
20. Qxf6 Rxf6 21. e5 Rg6+ 22. Kf1 d5 23. Rc3 Rb6 24. Rc5 {Solodovnichenko,Y  
(2480)-Kodinets,K (2409) chessassistantclub.com INT 2004 1/2-1/2 (71)}) 10.
Bxe6 fxe6 11. Bg5 ({RR} 11. e5 Nd5 12. exd6 Bxd6 13. Ne4 Qh4 14. g3 Qh3 15. c4
Rxf2 16. Nxf2 Bc5 17. cxd5 Bxf2+ 18. Kxf2 Qxh2+ 19. Kf3 Qh5+ 20. Kg2 Qg6 21.
Rxe6 Qf5 22. Bf4 {1-0 (22) Causo,D (2224)-Bryakin,M (2455) chess.com INT 2023})
11... Rb8 $146 ({RR} 11... e5 12. h3 Nd7 13. Bxe7 Qxe7 14. Qd3 Nc5 15. Qc4+ Rf7
16. Re3 Kh8 17. Na4 Nxa4 18. Qxa4 c5 19. Qc4 Raf8 20. Rf1 Qg5 21. Qe2 Qe7 22.
a3 Rb8 23. b3 Qd7 24. Rf3 Kg8 25. Qc4 Kf8 26. Rxf7+ {Samujlo,A-Topolan,P (1335)
Lublin 2012 0-1 (38)}) 12. b3 Qe8 13. e5 Nd5 14. Nxd5 cxd5 15. Bxe7 Qxe7 16.
exd6 Qxd6 17. Qd2 Rf6 18. Re2 Rbf8 19. g3 Re8 20. Rae1 e5 21. Qc3 Rfe6 22. a4
c5 23. Qd2 Qc6 24. Qg5 e4 25. f4 d4 26. f5 Re5 27. g4 e3 28. Qf4 Qe4 29. Qxe4
Rxe4 30. h3 h5 31. gxh5 Rf4 32. Rf1 Ree4 33. h6 gxh6 34. Rg2+ Kf7 35. Kh2 Rxf1
0-1

[Event "Floripa Chess Open 2024"]
[Site "Florianopolis"]
[Date "2024.01.20"]
[Round "1.205"]
[White "Felix, Raimundo Nascimento"]
[Black "Goncalves, Adriana Emiliana"]
[Result "1/2-1/2"]
[WhiteElo "1749"]
[BlackElo "1744"]
[PlyCount "129"]
[EventDate "2024.01.20"]
[EventRounds "10"]
[EventCountry "BRA"]

1. c4 Nf6 2. Nf3 g6 3. g3 Bg7 4. Bg2 d6 5. Nc3 c5 6. O-O O-O 7. a3 a5 8. Rb1
Nc6 9. d3 h6 10. Ne1 ({RR} 10. Bd2 Be6 11. Qa4 Bd7 12. Rfc1 Nd4 13. Qd1 Nxf3+
14. Bxf3 Bc6 15. b4 Bxf3 16. exf3 axb4 17. axb4 b6 18. f4 Ra3 19. Nb5 Ra2 20.
Be3 Qd7 21. Rc2 Ra4 22. bxc5 dxc5 23. Rcb2 Ra6 24. Rb3 Ng4 {Ponomariov,R (2739)
-Gashimov,V (2758) Khanty-Mansiysk 2009 1-0 (48)}) ({RR} 10. Bd2 e5 11. Ne1 Bd7
12. Nc2 Rb8 13. Ne3 Re8 14. Ned5 Nxd5 15. Nxd5 Ne7 16. b4 Nxd5 17. Bxd5 axb4
18. axb4 cxb4 19. Qc1 Bc6 20. Rxb4 h5 21. h4 Qd7 22. Qb1 Rbc8 23. Qb3 Kh7 24.
e4 f5 {Engesser,J (2103)-Kononenko,A (2220) Munich GER 2023 1/2-1/2 (104)})
10... Qc7 11. Nc2 Bd7 12. b4 axb4 $146 ({RR} 12... cxb4 13. axb4 Ng4 14. Nd5
Qd8 15. bxa5 Nxa5 16. Nb6 Ra7 17. h3 Ne5 18. Be3 Ra6 19. Nxd7 Qxd7 20. Nb4 Raa8
21. Nd5 Ra6 22. Qd2 Kh7 23. Bb6 Nec6 24. Rb5 e6 25. Ne3 Rfa8 26. Rfb1 Qe8 27.
Bc7 {Van Hoolandt,P (2098)-Puglisi,O Cannes 2000 1-0 (40)}) 13. axb4 Nxb4 14.
Nxb4 cxb4 15. Rxb4 Bc6 16. Nd5 Nxd5 17. cxd5 Bd7 18. Qb3 b5 19. Bb2 Ra4 20.
Bxg7 Rxb4 21. Qxb4 Kxg7 22. Ra1 Rc8 23. h4 f6 24. Qd4 Kf7 25. Qe3 g5 26. Kh2
Qc5 27. Qf3 Qd4 28. Rf1 Bg4 29. Qe4 Qxe4 30. Bxe4 Bxe2 31. Rb1 Rb8 32. f3 e6
33. g4 Ke7 34. Re1 Bxf3 35. Bxf3 e5 36. Rb1 b4 37. h5 Kd7 38. Kg2 b3 39. Rb2
Rb5 40. Kf2 Ke7 41. Ke3 Kf7 42. Bd1 f5 43. Bxb3 fxg4 44. Rf2+ Ke7 45. Bc4 Rb1
46. Rg2 Rh1 47. Rxg4 Rxh5 48. Rg3 Rh4 49. Rf3 Rf4 50. Rh3 Rf6 51. Ba6 g4 52.
Rg3 h5 53. Bc8 Rf4 54. Rg1 Kf6 55. Bd7 Kg5 56. Be8 h4 57. Bd7 h3 58. Ra1 h2 59.
Rh1 g3 60. Bh3 Kh4 61. Bg2 Kg4 62. Ra1 Rf2 63. Be4 Rf4 64. Bg2 Rf2 65. Be4
1/2-1/2

[Event "Floripa Chess Open 2024"]
[Site "Florianopolis"]
[Date "2024.01.20"]
[Round "1.207"]
[White "Fuxz, Diego"]
[Black "Soares, Vinicius Tuma"]
[Result "1-0"]
[WhiteElo "1749"]
[BlackElo "1708"]
[PlyCount "36"]
[EventDate "2024.01.20"]
[EventRounds "10"]
[EventCountry "BRA"]

1. c4 e5 2. Nc3 Nc6 3. g3 f5 4. Bg2 Nf6 5. e3 d6 6. Nge2 Be6 7. Nd5 ({RR} 7. d4
Bxc4 8. d5 Bxe2 9. Qxe2 Nb8 10. e4 fxe4 11. Nxe4 Nbd7 12. Ng5 Nc5 13. b4 h6 14.
bxc5 hxg5 15. Bxg5 Be7 16. O-O O-O 17. Rab1 b6 18. cxd6 cxd6 19. f4 {1-0 (19)
Bruzon Batista,L (2614)-Cubas,J (2419) Buenos Aires 2003}) 7... Be7 ({RR} 7...
Bxd5 8. cxd5 Ne7 9. Qb3 Rb8 10. d3 Qd7 11. O-O g6 12. e4 Bg7 13. Be3 Nc8 14. h3
O-O 15. Rac1 Nb6 16. Kh2 Kh8 17. f4 Bh6 18. Qc3 Rf7 19. b3 Re8 20. fxe5 Bxe3
21. e6 Rxe6 22. dxe6 {Hank,H (1951)-Henrich,T (2132) Heusenstamm GER 2023 1-0 
(52)}) 8. O-O O-O 9. d3 $146 ({RR} 9. d4 Na5 10. Qc2 c6 11. Nxf6+ Bxf6 12. b3
Rc8 13. Bb2 b5 14. c5 e4 15. Bc3 Nb7 16. b4 Bc4 17. Rfe1 a5 18. bxa5 Nxa5 19.
cxd6 g5 20. Qd2 Nb7 21. a4 Nxd6 22. Bb4 Rf7 23. Nc3 Bd3 {Fischer,
G-Fahnenschmidt,G (2336) Bad Wildbad 2000 0-1 (35)}) 9... a6 10. a3 b5 11.
Nxf6+ Bxf6 12. Bxc6 Rb8 13. cxb5 axb5 14. Bg2 Qe7 15. Qc2 Qf7 16. Bd2 c5 17. f4
Bb3 18. Qc1 Be6 1-0